00262nam a22000857a 4500008004100000082002100041245008400062260002200146300000800168230731b xxu||||| |||| 00| 0 eng d a362.1bUNI 2002 aChildren on the Brink 2002bA Joint Report on Orphan Estimates and Program Stra aUSAbUNICEFc2002 a36p